000 00819nam a2200217 a 4500
003 0
005 20250424085923.0
008 970114s19uu xx 00 eng d
050 _aPGS LC 1090
_b.K49 2003
100 _aKim, Bom E
245 _aPreferences of Korean students on the teaching styles of Korea School and Southville International School teachers /
_cBom E. Kim.
260 _aLas PiƱas City, Philippines :
_bSouthville International School and Colleges,
_c2003.
300 _a23 pages :
_billustrations ;
_c28 cm.
504 _aIncludes bibliographical references.
650 _aTeaching
_vCross-cultural studies.
650 _aComparative education.
650 _aTeacher effectiveness.
650 _aTeaching styles.
650 _aKorean students
_vEducation
_zPhilippines.
942 _2lcc
_cPASS
999 _c96878
_d96878